Construction resource/method factors influencing productivity for high rise concrete construction (Record no. 60107)

MARC details
000 -LEADER
fixed length control field 00977cam a2200241 4500
001 - CONTROL NUMBER
control field ABS61448
008 - FIXED-LENGTH DATA ELEMENTS--GENERAL INFORMATION
fixed length control field 000000n1999 000 0 eng u
035 ## - SYSTEM CONTROL NUMBER
System control number (Sirsi) u100471
100 ## - MAIN ENTRY--PERSONAL NAME
Personal name Proverbs, D. G.
245 ## - TITLE STATEMENT
Title Construction resource/method factors influencing productivity for high rise concrete construction
260 ## - PUBLICATION, DISTRIBUTION, ETC.
Date of publication, distribution, etc. 1999
490 ## - SERIES STATEMENT
Series statement Construction Management and Economics
Volume/sequential designation 17(5) September 1999, 577-587(11)
520 ## - SUMMARY, ETC.
Summary, etc. Research among European countries confirms variances in productivity rates given by construction planning engineers for identical operations, and similar differences in construction resource/method factors. Analysis of data taken from French, German and UK contractors. References.
590 ## - LOCAL NOTE (RLIN)
Local note ABS
650 ## - SUBJECT ADDED ENTRY--TOPICAL TERM
Topical term or geographic name entry element PRODUCTIVITY RATES
650 ## - SUBJECT ADDED ENTRY--TOPICAL TERM
Topical term or geographic name entry element CONCRETE
650 ## - SUBJECT ADDED ENTRY--TOPICAL TERM
Topical term or geographic name entry element CONSTRUCTION METHODS
650 ## - SUBJECT ADDED ENTRY--TOPICAL TERM
Topical term or geographic name entry element HIGH RISE
690 ## - LOCAL SUBJECT ADDED ENTRY--TOPICAL TERM (OCLC, RLIN)
Topical term or geographic name as entry element Project management
9 (RLIN) 6261
700 ## - ADDED ENTRY--PERSONAL NAME
Personal name Holt, G.D.
700 ## - ADDED ENTRY--PERSONAL NAME
Personal name Olomolaiye, P.O.
942 ## - ADDED ENTRY ELEMENTS (KOHA)
Suppress in OPAC 0
Holdings
Withdrawn status Lost status Source of classification or shelving scheme Damaged status Not for loan Home library Current library Shelving location Date acquired Total Checkouts Full call number Barcode Date last seen Copy number Price effective from Koha item type
    Dewey Decimal Classification     London London Books 14/10/1999   ABS61448 100471-1001 06/08/2019 1 06/08/2019 Journal article